Los secretos de los precios : de los dos lados del mostrador /

Detalles Bibliográficos
Autor principal: Baños, Ariel (Autor)
Formato: Electrónico eBook
Lenguaje:español
Publicado: Buenos Aires : Granica, [2012]
Colección:Management (Buenos Aires, Argentina)
Materias:
Acceso en línea:Digitalia Hispánica

MARC

LEADER 00000nam a2200000Ii 4500
001 DIGGRANC0009
003 NyNyDIG
006 m o d
007 cr |||||||||||
008 250915s2012 ag a ob 000 0 spa d
035 |a (OCoLC)1536545390 
040 |a DGITA  |b eng  |e rda  |e pn  |c DGITA 
020 |a 9789506416348  |q eBook 
020 |z 9789506415921 
050 1 4 |a HG229 ebook 
100 1 |a Baños, Ariel,  |e author. 
245 1 4 |a Los secretos de los precios :  |b de los dos lados del mostrador /  |c Ariel Baños. 
264 1 |a Buenos Aires :  |b Granica,  |c [2012] 
300 |a 1 online resource :  |b illustrations. 
336 |a text  |b txt  |2 rdacontent 
337 |a computer  |b c  |2 rdamedia 
338 |a online resource  |b cr  |2 rdacarrier 
347 |a text file  |2 rdaft 
347 |b EPUB 
347 |b PDF  
490 1 |a Management 
504 |a Includes bibliographical references. 
588 0 |a Online resource; title from ePub title page (Digitalia, viewed September 15, 2025) 
650 0 |a Prices. 
650 0 |a Finance. 
791 2 |a Digitalia (Firm),  |e distributor. 
793 0 |g Digitalia eBook Collection:  |a Granica 
776 0 8 |i Print version:  |a Baños, Ariel.  |t Secretos de los precios.  |d Buenos Aires : Granica, [2011]  |z 9789506415921 
830 0 |a Management (Buenos Aires, Argentina) 
856 4 0 |3 Digitalia Hispánica  |u https://www.digitaliapublishing.com/a/85552/ 
910 |a Premium collection: 2025